000 00222nam a2200085Ia 4500
008 120527s9999 xx 000 0 und d
100 _aWyoming, H. Jackson
245 _aCentral banking issues in emerging market
942 _cBK
999 _c27192
_d27192